000 00422nam a2200181Ia 4500
005 20250603145704.0
008 250603s9999 xx 000 0 und d
020 _a9781032648118
050 _aHD 2961 .H34/
100 _aHage, Jerald
245 0 _aSaving Societies from within
260 _aNew York
260 _b Routledge
260 _c2024
300 _avii, 286p.: ill.
650 _aNew York
942 _cBK
999 _c42561
_d42561